| 000 | 00674nam a22001817a 4500 | ||
|---|---|---|---|
| 003 | UA-OsUOA | ||
| 001 | 15451 | ||
| 007 | ta | ||
| 008 | 20031111b un ||||| |||| 00| 0 ukr d | ||
| 100 | _aЯковенко А. | ||
| 942 | _cSA | ||
| 040 |
_aUA-OsUOA _cUA-OsUOA _dUA-OsUOA |
||
| 245 | _aІ є настрій до роботи : [Про роботу рівнен. дизайнер. центр "Вікторія", зав. виробництвом якого С.В.Трофимчук] | ||
| 300 | _aС.9 | ||
| 955 | _a0 | ||
| 773 | 0 |
_w0 _tРівненський кооператор _dРівне _d2003 _g№27/4 лип./ |
|
| 650 | 7 |
_aКраєзнавча робота _2UDC |
|
| 999 |
_c301616 _d301616 |
||